30-和歌山県の市町村クイズ - Statistics

General Stats
  • This quiz has been taken 1,755 times
    1,552 since last reset
  • The average score is 19 of 30
Answers on the Map
Answers color-coded by a green-red scale on the quiz's map according to % correct below.
 
Answer Stats
Answer % Correct
和歌山わかやま
91%
田辺たなべ
81%
北山きたやまむら
78%
串本くしもとちょう
78%
新宮しんぐう
76%
岩出いわで
71%
海南かいなん
71%
かわ
71%
那智勝浦なちかつうらちょう
71%
橋本はしもと
71%
白浜しらはまちょう
70%
高野こうやちょう
69%
太地たいじちょう
68%
九度山くどやまちょう
64%
有田ありだ
61%
有田川ありだがわちょう
61%
かつらぎちょう
61%
古座川こざがわちょう
61%
御坊ごぼう
60%
すさみちょう
58%
紀美野きみのちょう
56%
上富田かみとんだちょう
52%
日高川ひだかがわちょう
52%
美浜みはまちょう
49%
みなべちょう
48%
印南いなみちょう
47%
湯浅ゆあさちょう
44%
日高ひだかちょう
43%
広川ひろがわちょう
39%
由良ゆらちょう
39%
No matching quizzes found
Score Distribution
Percent of People with Each Score
Percentile by Number Answered
Your Score History
You have not taken this quiz since the last reset